Economic viability, size and political autonomy

Na minha lista:
Detalhes bibliográficos
Autor principal: Jones - Hendrickson, S. B.
Formato: Texto
Publicado em: Islas Virgenes: Caribbean Research Institute
Tags: Adicionar Tag
Sem tags, seja o primeiro a adicionar uma tag!

MARC

LEADER 00000 a a2200000 04500
001 21399
003
040
090 |a 094100  
100 |a Jones - Hendrickson, S. B.  
245 |a Economic viability, size and political autonomy  
260 |a Islas Virgenes:   |b Caribbean Research Institute  
300 |a 28 p  
999 |c 13292  |d 13292